Biggest cities in each U.S. State - Statistics

General Stats
  • This quiz has been taken 364 times
  • The average score is 39 of 50
Answer Stats
U.S. State Answer % Correct
California Los Angeles
99%
Illinois Chicago
96%
Colorado Denver
96%
Arizona Phoenix
96%
Massachusetts Boston
94%
Georgia Atlanta
93%
Michigan Detroit
92%
Hawaii Honolulu
92%
Nevada Las Vegas
92%
Louisiana New Orleans
92%
Texas Houston
91%
Indiana Indianapolis
91%
New York New York City
91%
Mississippi Jackson
89%
Minnesota Minneapolis
89%
Oklahoma Oklahoma City
89%
Pennsylvania Philadelphia
89%
Maine Portland
89%
Oregon Portland
89%
Washington Seattle
89%
Alaska Anchorage
88%
Missouri Kansas City
88%
Utah Salt Lake City
86%
Florida Jacksonville
85%
Idaho Boise
84%
Tennessee Memphis
84%
Arkansas Little Rock
83%
Ohio Columbus
82%
Maryland Baltimore
81%
North Carolina Charlotte
80%
Alabama Birmingham
79%
Iowa Des Moines
78%
Kentucky Louisville
77%
New Mexico Albuquerque
75%
Wisconsin Milwaukee
75%
Nebraska Omaha
75%
Rhode Island Providence
75%
New Jersey Newark
67%
West Virginia Charleston
66%
Wyoming Cheyenne
63%
Virginia Virginia Beach
63%
Kansas Wichita
62%
North Dakota Fargo
59%
South Carolina Columbia
58%
Montana Billings
54%
South Dakota Sioux Falls
52%
Delaware Wilmington
45%
New Hampshire Manchester
42%
Connecticut Bridgeport
41%
Vermont Burlington
35%
No matching quizzes found
Score Distribution
Percent of People with Each Score
Percentile by Number Answered
Your Score History
You have not taken this quiz